000
00258nam a22001217a 4500
041
_a
ENG
100
_a
Mulugetta.Y
245
_a
Energy For Rural Livelihoods
260
_a
Delhi
_b
Itdg Pub
_c
2005
300
_a
154
650
_a
EOES
856
_u
EOES ( 12 )
999
_c
1205
_d
1205